Trống Đông Sơn
Giới thiệu về trống đồng Đông Sơn: Lịch sử nghiên cứu trống đồng; Phân loại trống đồng và trống Đông Sơn; Phân bố trống đông Sơn ở Việt Nam và các nước xung quanh; Những trống Đông Sơn được phát hiện ở Việt Nam, Trung Quốc và các nước ở Đông Nam A...
Đã lưu trong:
| Hovedforfatter: | |
|---|---|
| Andre forfattere: | |
| Format: | Bog |
| Sprog: | Vietnamese |
| Udgivet: |
H.
Khoa học xã hội
1987
|
| Serier: | ĐTTS ghi:Viện khảo cổ học
|
| Tags: |
Tilføj Tag
Ingen Tags, Vær først til at tagge denne postø!
|
| Thư viện lưu trữ: | Mạng thư viện Đại học Đà Nẵng |
|---|
| LEADER | 01353nam a2200301 4500 | ||
|---|---|---|---|
| 001 | 000015802 | ||
| 003 | 12186 | ||
| 005 | 20120605140651.0 | ||
| 008 | 120605s1987 viesd | ||
| 041 | 0 | |a vie | |
| 082 | |a 930.1 |b PH-H | ||
| 100 | 0 | |a Phạm Minh Huyền | |
| 245 | 0 | |a Trống Đông Sơn |c Phạm Minh Hoàng, Nguyễn Văn Huyên, Trịnh Sinh | |
| 260 | |a H. |b Khoa học xã hội |c 1987 | ||
| 300 | |a 314 tr. |c 27 cm. | ||
| 490 | |a ĐTTS ghi:Viện khảo cổ học | ||
| 520 | |a Giới thiệu về trống đồng Đông Sơn: Lịch sử nghiên cứu trống đồng; Phân loại trống đồng và trống Đông Sơn; Phân bố trống đông Sơn ở Việt Nam và các nước xung quanh; Những trống Đông Sơn được phát hiện ở Việt Nam, Trung Quốc và các nước ở Đông Nam A | ||
| 700 | |a Phạm Minh Hoàng |a Trịnh Sinh |a Nguyễn Văn Huyên | ||
| OWN | |a LSP | ||
| AVA | |a UDN50 |b LSP |d 930.1 PH-H |e available |t Error 5001 Not defined in file expand_doc_bib_avail. |f 1 |g 0 |h N |i 0 |k 1 | ||
| 999 | |a From the UDN01 | ||
| AVA | |a UDN50 |b LSP |d 930.1 PH-H |e available |t Error 5001 Not defined in file expand_doc_bib_avail. |f 1 |g 0 |h N |i 0 |k 1 | ||
| TYP | |a Monograph | ||
| TYP | |a Printed language | ||
| 980 | |a Mạng thư viện Đại học Đà Nẵng | ||